| 000 | 01373nam a22004217a 4500 | ||
|---|---|---|---|
| 003 | CHAP | ||
| 005 | 20220817044354.0 | ||
| 008 | 100909s20097 it rn 00010 eng d | ||
| 010 | _a99229 | ||
| 011 | _a100201 | ||
| 020 | _a9789251063385 | ||
| 035 | _a110887 | ||
| 040 | _cCHAP | ||
| 082 | 0 | 4 |
_a639.2 _bF3y v.521 |
| 110 | 2 | _aFAO | |
| 245 | 1 | 0 |
_aProspective analysis of aquaculture development : _bthe delphi method _c/by Nathanael Hishamunda, Florence Poulain and Neil Ridler |
| 260 |
_aRome : _bFAO, _c2009 |
||
| 300 | _avii, 93 p. | ||
| 490 | 0 |
_aDocumento técnico de pesca _v; 521 |
|
| 590 |
_aBATCH-UPD _b10 _c20130110 _lUCH01 _h0920 |
||
| 590 |
_aBATCH-UPD _b10 _c20130410 _lUCH01 _h0542 |
||
| 590 |
_aBATCH-UPD _b10 _c20130914 _lUCH01 _h1201 |
||
| 590 |
_aCONVERSION _b10 _c20130109 _lUCH01 _h1355 |
||
| 650 | 1 | 4 |
_aAcuicultura. _9758 |
| 650 | 1 | 4 |
_aDesarrollo pesquero. _932064 |
| 650 | 1 | 4 |
_aInvestigación. _960221 |
| 650 | 1 | 4 |
_aPiensos. _988012 |
| 650 | 1 | 4 |
_aProductos pesqueros. _992201 |
| 650 | 1 | 4 |
_aRecursos naturales. _995172 |
| 650 | 1 | 4 | _aSemillas. |
| 700 | 0 |
_aHishamunda, Nathanael. _955586 |
|
| 700 | 0 |
_aRidler, Neil. _997354 |
|
| 700 | 1 |
_aPoulain, Florence _991147 |
|
| 830 | 0 | 0 |
_aDocumento técnico de pesca _v; 521 _933242 |
| 901 | _aBK | ||
| 942 | _cLIBRO | ||
| 949 |
_a639.2 F3y 521 _bBC _cFAO _d33724002166462 _eFAO1 _gDonaciØn _h113394 _i110887 _sb |
||
| 999 |
_c99229 _d99229 |
||